000
00144 a2200073 4500
020
_a
9780723280798
082
_a
EJF POWE
245
_a
THE JUNGLE BOOK
999
_c
794458
_d
794457
942
_w
427
_x
HELEN Viviers
_y
427
_z
HELEN Viviers